000 00688nam a2200229Ia 4500
008 220216s9999 xx 000 0 und d
100 _aMansour Ashraf A
245 0 _aDynamic mechanical relaxation behavior of block copolymers: Styrene-Butadiene-Styrene rubber, SBS
260 _bJournal of Elastomers and Plastics
_c2002
300 _a33-48
650 _aBlock copolymers
650 _aDynamic mechanical measurements
650 _aGlass process
650 _aMaster curves
650 _aMeander model
650 _aSBS
650 _aShear band process
650 _aShear compliance
650 _aStyrene-butadiene-styrene
700 _aMohammady Sayed Z
942 _cJS
999 _c57455
_d57455